000 00962nam a2200277 i 4500
001 130464
003 ES-MaACL
005 20240511063033.0
007 t|
008 070730s1917 sp |||| | spa d
040 _cES-MaACL
080 _a327(460:410.1)
080 _a327(410.1:460)
100 1 _aZancada, Práxedes,
_d1881-1936
_9117967
_eaut
245 1 4 _aLas relaciones históricas de España e Inglaterra :
_bconferencia pronunciada en el Ateneo de Madrid /
_cPráxedes Zancada.
260 _aMadrid :
_bV. Rico,
_c1917.
300 _a30 páginas ;
_c17 cm.
500 _aPrecede al tít.: Los errores germanófilos
610 2 4 _aAteneo de Madrid-
_vConferencias-
_y1900-1939
_91907
651 7 _aEspaña-
_xRelaciones-
_zInglaterra
_2
_9167870
651 7 _aInglaterra-
_xRelaciones-
_zEspaña
_9137228
852 _aES-MaACL
_cDEPOF
_j1535-F-4
942 _cFOLLETOS
_n0
999 _c130464
_d130464